000 00248nam a2200109Ia 4500
008 190216s9999||||xx |||||||||||||| ||und||
100 _aCharles Carrington
245 0 _aRudyand Kipling
260 _bPenguin Books
650 _aEnglish
942 _cBK
999 _c12321
_d12321